| Tag |
First Indicator |
Second Indicator |
Subfields |
| LEADER |
00000cam a2200000 a 4500 |
| 001 |
in00001384913 |
| 005 |
20151019164227.0 |
| 008 |
970829s1997 nyu 000 0 eng d |
| 035 |
|
|
|a (OCoLC)37550983
|
| 035 |
|
|
|9 AHK4762AM
|
| 040 |
|
|
|a HHS
|c HHS
|d OKY
|d TXA
|d UtOrBLW
|
| 049 |
|
|
|a TXAM
|
| 090 |
|
|
|a KFN5130.Z9
|b C44 1997
|
| 245 |
0 |
0 |
|a Child custody and support 1997 /
|c chair, Mona R. Millstein.
|
| 264 |
|
1 |
|a New York :
|b Practising Law Institute,
|c [1997]
|
| 264 |
|
4 |
|c ©1997
|
| 300 |
|
|
|a 248 pages :
|b forms ;
|c 23 cm.
|
| 336 |
|
|
|a text
|b txt
|2 rdacontent
|
| 337 |
|
|
|a unmediated
|b n
|2 rdamedia
|
| 338 |
|
|
|a volume
|b nc
|2 rdacarrier
|
| 490 |
1 |
|
|a Estate planning and administration course handbook series ;
|v no.D-255
|
| 490 |
1 |
|
|a Tax law and estate planning series
|
| 500 |
|
|
|a "Prepared for distribution at the Child custody and support program, July 1997"--P. 5.
|
| 504 |
|
|
|a Includes bibliographical references.
|
| 500 |
|
|
|a "D4-5273"--Spine.
|
| 650 |
|
0 |
|a Custody of children
|z New York (State)
|
| 650 |
|
0 |
|a Child support
|x Law and legislation
|z New York (State)
|
| 700 |
1 |
|
|a Millstein, Mona R.,
|d 1956-
|
| 710 |
2 |
|
|a Practising Law Institute.
|
| 830 |
|
0 |
|a Estate planning and administration course handbook series ;
|v no.D-255.
|
| 830 |
|
0 |
|a Tax law and estate planning series.
|
| 999 |
|
|
|a MARS
|
| 999 |
f |
f |
|s 4c6a181b-d79d-381f-b716-e6e5ee869476
|i 2f343c7e-3497-34b1-927f-298286060a1e
|t 0
|
| 952 |
f |
f |
|p ric
|a Texas A&M University
|b Rellis Campus
|c Joint Library Facility
|d Remote Storage
|t 0
|e KFN5130.Z9 C44 1997
|h Library of Congress classification
|i unmediated -- volume
|m A14821374291
|
| 998 |
f |
f |
|a KFN5130.Z9 C44 1997
|t 0
|l Remote Storage
|